000 01003nam a2200289 a 4500
005 20200104041524.0
008 140121b1997 ck ||||| |||| 00| 0 spa d
041 _aspa
044 _ack
090 _aIAvH
_b00137
100 1 _92155
_aBaptiste-Ballera, Luis Guillermo
245 1 0 _aValoración y diseño de políticas económicas para el manejo local de los ecosistemas estratégicos en Colombia :
_binforme parcial
260 _aBogotá :
_bInstituto Alexander von Humboldt,
_c1997.
300 _a62 p.
_c28 cm.
650 6 _aPolítica económica
_927662
650 6 _aManejo de ecosistemas
_992251
650 6 _aEcosistemas estratégicos
_93520
650 6 _aValoración económica
_94196
650 4 _aBiodiversidad
_992204
650 6 _aIncentivos
_927664
650 4 _aConservación de biodiversidad
_9345
662 _aColombia
700 1 _aCárdenas, Juan Camilo
_92215
700 1 _aMansilla-Astete, Hernán
_94293
700 1 _aHernández-Pérez, Sarah
_92040
942 _cINFORME
_2z
_03
999 _c1782
_d1782